Normal view
MARC view
Entry Personal Name
001 - CONTROL NUMBER
- control field: 22723
003 - CONTROL NUMBER IDENTIFIER
- control field: ARRUPE
005 - DATE AND TIME OF LATEST TRANSACTION
- control field: 20160303122205.0
008 - FIXED-LENGTH DATA ELEMENTS
- fixed length control field: 160303|| aca||aabn | a|a d
040 ## - CATALOGING SOURCE
- Original cataloging agency: ARRUPE
- Transcribing agency: ARRUPE
100 ## - HEADING--PERSONAL NAME
- Personal name: Rimmer, Peter,
- Dates associated with a name: 1937-
670 ## - SOURCE DATA FOUND
- Source citation: Work cat.: (ARRUPE)0: Rimmer, Peter, 1937-, Cry of the fish eagle /, 1993.